Estatísticas para Cidades / Municipios do Algarve

Clique aqui para jogar o quiz

Estatísticas Gerais

  • Esse quiz foi jogado 51 vezes
  • A pontuação média é 13 de 16

Estatísticas das Respostas

Municípios% Correto
Faro
97%
Lagos
92%
Loulé
92%
Tavira
92%
Vila Real de Santo António
92%
Albufeira
89%
Portimão
89%
Olhão
86%
Monchique
81%
Silves
78%
Aljezur
75%
Lagoa
75%
Vila do Bispo
75%
Castro Marim
69%
Alcoutim
67%
São Brás de Alportel
58%

Distribuição das Pontuações

Percentil de Números Respondidos

Porcentagem de Pessoas com Cada Pontuação

Sua Pontuação Histórica

Você não jogou esse quiz